Song song

Gespeichert in:
Bibliographische Detailangaben
1. Verfasser: Vũ, Đình Giang
Format: Buch
Sprache:Undetermined
Veröffentlicht: Thành Phố Hồ Chí Minh Văn nghệ 2007
Schlagworte:
Tags: Tag hinzufügen
Keine Tags, Fügen Sie den ersten Tag hinzu!
Thư viện lưu trữ: Trung tâm Học liệu Trường Đại học Cần Thơ
LEADER 00639nam a2200205Ia 4500
001 CTU_128003
008 210402s9999 xx 000 0 und d
020 |c 45000 
082 |a 895.9223 
082 |b Gi106 
100 |a Vũ, Đình Giang 
245 0 |a Song song 
245 0 |c Vũ Đình Giang 
260 |a Thành Phố Hồ Chí Minh 
260 |b Văn nghệ 
260 |c 2007 
650 |a Vietnamese fiction,Vietnamese literature,Tiểu thuyết Việt Nam,Văn học Việt Nam 
650 |y 20th century,Thế kỷ 20 
904 |i Tuyến 
980 |a Trung tâm Học liệu Trường Đại học Cần Thơ